000 00781nam a2200265Ia 4500
003 OSt
005 20220925195619.0
006 a|||||r|||| 00| 0
007 ta
008 220923b |||||||| |||| 00| 0 eng d
020 _a0226041212
037 _cGeneral Book
040 _aRTL
_cRTL
_beng
041 _2eng
_aeng
082 _aX:54.73.N21<--M93, M2
100 _aBecker William H
_9255072
245 0 _aDynamics of business-government relations
_b Indust
260 _aChicago
_bUniversity of Chicago Press
_c1982
300 _axvi, 240p
_ccm.
500 _aBibliography: p 223-35
650 _a Economics
650 _aInternational Trade
942 _hX:54.73.N21<--M93, M2
_cGB
_2CC
999 _c533623
_d533623